Measuring the mind : education and psychology in England,c.1860-c.1990

Αποθηκεύτηκε σε:
Λεπτομέρειες βιβλιογραφικής εγγραφής
Κύριος συγγραφέας: Wooldridge, Adrian
Μορφή: Βιβλίο
Γλώσσα:English
Δημοσίευση: Cambridge : Cambridge University Press, 1994
Θέματα:
Ετικέτες: Προσθήκη ετικέτας
Δεν υπάρχουν, Καταχωρήστε ετικέτα πρώτοι!

MARC

LEADER 00000nam a2200000 i 4500
001 1/81959
008 990519s1994 eng d
020 |a 0-521-39515-1 
035 |l 10050985 
040 |a GR-MY-UA  |b gre  |e aacr 
041 0 |a eng 
082 0 |a 370.150942 
100 1 |a Wooldridge, Adrian. 
245 1 0 |a Measuring the mind :  |b education and psychology in England,c.1860-c.1990 /  |c Adrian Wooldridge 
260 |a Cambridge :   |b Cambridge University Press,   |c 1994 
300 |a 448 p. 
600 0 0 |a Burt Cyril Lodowic  |c Sir  |d 1883-1971. 
650 0 0 |a Educational tests and measurements  |z England  |x History. 
650 0 0 |a Educational psychology. 
650 0 0 |a Education  |x Social aspects  |z England  |x History. 
650 0 0 |a Education  |x Political aspects  |z England  |x History. 
852 |a INST  |b RHODES  |e 19990519  |h 370.150942 WOO  |p 005400015158  |q 005400015158  |t BK  |y 0 
901 |a BIBL4-1999-2 
909 |a Ρ  |b 065187  |c 1999 
922 |a 4ΕΛΗ  |b 199903  |d LEADER